Public administration and public affairs / (Record no. 219538)
[ view plain ]
| 000 -LEADER | |
|---|---|
| fixed length control field | 01856cam a22003254a 4500 |
| 001 - CONTROL NUMBER | |
| control field | 17024611 |
| 003 - CONTROL NUMBER IDENTIFIER | |
| control field | Nust |
| 005 - DATE AND TIME OF LATEST TRANSACTION | |
| control field | 20180117090022.0 |
| 008 - FIXED-LENGTH DATA ELEMENTS--GENERAL INFORMATION | |
| fixed length control field | 111028s2013 maua b 001 0 eng |
| 010 ## - LIBRARY OF CONGRESS CONTROL NUMBER | |
| LC control number | 2011043727 |
| 020 ## - INTERNATIONAL STANDARD BOOK NUMBER | |
| International Standard Book Number | 9780205855865 (alk. paper) |
| 020 ## - INTERNATIONAL STANDARD BOOK NUMBER | |
| International Standard Book Number | 0205855865 (alk. paper) |
| 035 ## - SYSTEM CONTROL NUMBER | |
| System control number | (OCoLC)ocn759084193 |
| 040 ## - CATALOGING SOURCE | |
| Original cataloging agency | DLC |
| Language of cataloging | eng |
| Transcribing agency | DLC |
| Modifying agency | YDX |
| -- | YDXCP |
| -- | DLC |
| 042 ## - AUTHENTICATION CODE | |
| Authentication code | pcc |
| 050 00 - LIBRARY OF CONGRESS CALL NUMBER | |
| Classification number | JF1351 |
| Item number | .H45 2013 |
| 082 00 - DEWEY DECIMAL CLASSIFICATION NUMBER | |
| Classification number | 351 |
| Edition number | 23 |
| 100 1# - MAIN ENTRY--PERSONAL NAME | |
| Personal name | Henry, Nicholas, |
| Dates associated with a name | 1943- |
| 245 10 - TITLE STATEMENT | |
| Title | Public administration and public affairs / |
| Statement of responsibility, etc. | Nicholas Henry. |
| 250 ## - EDITION STATEMENT | |
| Edition statement | 12th ed. |
| 260 ## - PUBLICATION, DISTRIBUTION, ETC. | |
| Place of publication, distribution, etc. | Boston : |
| Name of publisher, distributor, etc. | Pearson, |
| Date of publication, distribution, etc. | c2013. |
| 300 ## - PHYSICAL DESCRIPTION | |
| Extent | xiv, 482 p. : |
| Other physical details | ill. ; |
| Dimensions | 24 cm. |
| 504 ## - BIBLIOGRAPHY, ETC. NOTE | |
| Bibliography, etc. note | Includes bibliographical references and index. |
| 505 0# - FORMATTED CONTENTS NOTE | |
| Formatted contents note | Big democracy, big bureaucracy -- Public administration's century in a quandary paradigms of public administration -- The threads of organization: theories -- The fabric of organizations: forces -- The fibers of organizations: people -- Clarifying complexity: the public's information resource knowledge management -- Public productivity: corruption's consequence, the constant quest: efficient and effective governance -- The public trough: financing and budgeting governments -- Managing human resources capital in the public sector and nonprofit sectors -- Understanding and improving public policy -- Intersectoral administration -- Intergovernmental administration -- Toward a bureaucratic ethic. |
| 650 #0 - SUBJECT ADDED ENTRY--TOPICAL TERM | |
| Topical term or geographic name entry element | Public administration. |
| 906 ## - LOCAL DATA ELEMENT F, LDF (RLIN) | |
| a | 7 |
| b | cbc |
| c | orignew |
| d | 1 |
| e | ecip |
| f | 20 |
| g | y-gencatlg |
| 942 ## - ADDED ENTRY ELEMENTS (KOHA) | |
| Source of classification or shelving scheme | |
| Koha item type | Book |
| Withdrawn status | Lost status | Source of classification or shelving scheme | Materials specified (bound volume or other part) | Damaged status | Not for loan | Permanent Location | Current Location | Shelving location | Date acquired | Total Checkouts | Total Renewals | Full call number | Barcode | Date last seen | Date last checked out | Price effective from | Koha item type | Public note | Collection code | Checked out |
|---|---|---|---|---|---|---|---|---|---|---|---|---|---|---|---|---|---|---|---|---|
| CSS Corner Book | Central Library (CL) | Central Library (CL) | Central Superior Services | 02/13/2017 | 4 | 2 | 351 HEN | S3H-P-174 | 05/29/2025 | 10/11/2021 | 02/13/2017 | CSS Corner | CSS Corner Book | |||||||
| Central Library (CL) | Central Library (CL) | General Stacks | 06/27/2018 | 3 | 3 | 351 HEN | S3H-P-173 | 05/30/2022 | 02/26/2022 | 06/27/2018 | Book | |||||||||
| Central Library (CL) | Central Library (CL) | General Stacks | 10/12/2018 | 1 | 351 HEN | S3H-S-139 | 10/12/2018 | 10/12/2018 | 10/12/2018 | Book | 02/09/2019 |
